Normal view
MARC view
Entry Personal Name
001 - CONTROL NUMBER
- control field: 1081
003 - CONTROL NUMBER IDENTIFIER
- control field: OSt
005 - DATE AND TIME OF LATEST TRANSACTION
- control field: 20190205152139.0
008 - FIXED-LENGTH DATA ELEMENTS
- fixed length control field: 190205|| aca||aabn | a|a d
040 ## - CATALOGING SOURCE
- Original cataloging agency: OSt
- Transcribing agency: OSt
100 ## - HEADING--PERSONAL NAME
- Personal name: Cock, Christian De
670 ## - SOURCE DATA FOUND
- Source citation: Work cat.: (OSt): Cock, Christian De, What's he building?:, 2018
